000 00668nam a2200229 i 4500
001 26550
003 ES-MaACL
005 20230906153447.0
007 t|
008 030109s1976 sp ao e 00110 spa d
020 _a84-335-0003-1
080 _a(031)
245 0 0 _aAvances del saber :
_b[ciencia, técnica, cultura].
250 _a6ª ed.
260 _aBarcelona :
_bLabor,
_c1976.
300 _a4 v. :
_blám. col., il. , 4 mapas pleg. ;
_c26 cm.
500 _aÍndices.
650 _aEnciclopedias.
_912235
650 4 _aCiencias-
_vEnciclopedias.
_9140482
650 4 _aTecnología-
_vEnciclopedias.
_9143700
852 4 _aES-MaACL
_jA-5597-5600
_z- Enc. cart.
999 _c26550
_d26550